| 000 | 01510nam a2200313 a 4500 | ||
|---|---|---|---|
| 999 |
_c681 _d681 |
||
| 008 | 191011r20012009ii a|||g |||| 001 0 eng d | ||
| 020 |
_a9780333935040 _cRs. 285.00 _qVol. 1 |
||
| 040 |
_aKO _beng |
||
| 041 | 0 | _aeng | |
| 044 | _aii | ||
| 082 | 0 | 4 |
_223 _a541.3 _bK1419 |
| 100 | 1 | _aKapoor, K. L. | |
| 245 | 1 | 0 |
_aA Textbook of Physical Chemistry / _cK. L. Kapoor |
| 250 | _a3rd ed. | ||
| 260 |
_aNew Delhi : _bMacmillan India Ltd, _c2006, reprinted 2010 |
||
| 300 |
_a6 v : _bill. ; _c24 cm. |
||
| 504 | _aIncludes index. | ||
| 505 | 0 | _aVolume 1. States of Matter and Ions in Solutions -- Volume 2. Thermodynamics and Chemical Equilibrium -- Volume 3. Applications of Thermodynamics -- Volume 4. Quantum Chemistry and Molecular Spectroscopy -- Volume 5. Dynamics of Chemical Reactions, Statistical Thermodynamics and Macro-molecules -- Volume 6. Computational Aspects in Physical Chemistry | |
| 650 | 0 |
_aChemistry, Physical and theoretical _xIons--Migration and velocity _vTextbooks |
|
| 650 | 0 |
_aChemistry, Physical and theoretical _xThermodynamics _vTextbooks |
|
| 650 | 0 |
_aChemistry, Physical and theoretical _xPhase rule and equilibrium _vTextbooks |
|
| 650 | 0 |
_aChemistry, Physical and theoretical _xQuantum chemistry _vTextbooks |
|
| 650 | 0 |
_aChemical reactions _vTextbooks |
|
| 650 | 0 |
_aChemistry, Physical and theoretical--Mathematics _vTextbooks |
|
| 650 | 0 |
_aChemistry, Analytic--Qualitative _xSpectrum analysis _xMolecular spectroscopy _vTextbooks |
|
| 904 | _aS_JOY | ||
| 942 | _cBK | ||